Bariéra Einsteinova

Saved in:
Bibliographic Details
Main Author: Bellová, Linda (Author)
Other Authors: Šebo, Tomáš (Thesis advisor)
Format: Manuscript Book
Language:Slovak
Published: 2025
Subjects:
Online Access:http://is.stuba.sk/zp/portal_zp.pl?podrobnosti=186296
Tags: Add Tag
No Tags, Be the first to tag this record!

MARC

LEADER 00000ntm a22000003a 4500
001 stuzp104731
003 SK-STU
005 20250607210752.8
007 ta
008 150427s2015----xo-----f-mn---000-0-slo-d
040 |a STU  |b slo 
041 0 |a slo 
100 1 |a Bellová, Linda  |u 051110  |4 aut  |U FAD Fakulta architektúry a dizajnu  |T FAD Ústav architektúry obytných budov  |X 103714  |U A1110  |Y 392  |7 103714 
242 0 1 |a Barrier Einsteinova  |y eng 
245 1 0 |a Bariéra Einsteinova 
260 |c 2025 
650 4 |a park  |2 eng 
650 4 |a bridge  |2 eng 
650 4 |a motorway  |2 eng 
650 4 |a barrier  |2 eng 
650 4 |a community  |2 eng 
650 4 |a city hall  |2 eng 
650 4 |a park  |2 slo 
650 4 |a diaľnica  |2 slo 
650 4 |a radnica  |2 slo 
650 4 |a bariéra  |2 slo 
650 4 |a most  |2 slo 
650 4 |a komunita  |2 slo 
700 1 |a Šebo, Tomáš  |4 ths  |X 79065  |7 79065 
856 4 |u http://is.stuba.sk/zp/portal_zp.pl?podrobnosti=186296